| 000 | 00376nam a2200145Ia 4500 | ||
|---|---|---|---|
| 008 | 140626s9999 xx 000 0 und d | ||
| 100 | _aCustodio, Sergio. | ||
| 245 |
_aK+12 : _b bagong pag-asa / _cSergio Custodio. |
||
| 260 | _cc2012. | ||
| 300 | _a61 : 7, page 265 | ||
| 440 | _aThe Modern Teacher | ||
| 521 | _aSPED | ||
| 650 | _aK+12 educational system. | ||
| 942 | _cSE | ||
| 999 |
_c120998 _d120998 |
||